Исследование систем управления (Запись № 1273997)

Подробности
000 -МАРКЕР
контрольное поле 01823nam0a2200349 4500
001 - ИДЕНТИФИКАТОР ЗАПИСИ
контрольное поле RU\NLR\bibl\525433
005 - ИДЕНТИФИКАТОР ВЕРСИИ
контрольное поле 20181022115925.0
010 ## - МЕЖДУНАРОДНЫЙ СТАНДАРТНЫЙ НОМЕР КНИГИ (ISBN)
Номер (ISBN) 5-7598-0270-4
Тираж 3000
021 ## - НОМЕР ГОСУДАРСТВЕННОЙ РЕГИСТРАЦИИ
Код страны Российская Федерация
Номер 2004-22812
Номер Листа государственной регистраци 1155
035 ## - ДРУГИЕ СИСТЕМНЫЕ НОМЕРА
Идентификатор записи (NLR Aleph) 000517810
100 ## - ДАННЫЕ ОБЩЕЙ ОБРАБОТКИ
Данные общей обработки 20030811d2004 u u0rusy50 ca
101 0# - ЯЗЫК РЕСУРСА
Язык текста, звукозаписи и т.д. русский
102 ## - СТРАНА ПУБЛИКАЦИИ ИЛИ ПРОИЗВОДСТВА
Страна публикации Российская Федерация
105 ## - ПОЛЕ КОДИРОВАННЫХ ДАННЫХ: ТЕКСТОВЫЕ МАТЕРИАЛЫ, МОНОГРАФИЧЕСКИЕ
Кодированные данные о монографическом текстовом документе a |||||||||
200 1# - ЗАГЛАВИЕ И СВЕДЕНИЯ ОБ ОТВЕТСТВЕННОСТИ
Основное заглавие Исследование систем управления
Сведения, относящиеся к заглавию Учеб. для студентов вузов
Первые сведения об ответственности А.С. Малин, В.И. Мухин
Последующие сведения об ответственности Гос. ун-т высш. шк. экономики
205 ## - СВЕДЕНИЯ ОБ ИЗДАНИИ
Сведения об издании 2-е изд.
210 ## - ПУБЛИКАЦИЯ, РАСПРОСТРАНЕНИЕ И ДР.
Место издания, распространения и т.д. М.
Имя издателя, распространителя и т. д. ГУ ВШЭ
Дата издания, распространения и т.д. 2004
215 ## - ФИЗИЧЕСКАЯ ХАРАКТЕРИСТИКА
Специфическое обозначение материала и объем 397, [2] с.
Другие сведения о физической характеристике ил.
Размеры 22
300 ## - ОБЩИЕ ПРИМЕЧАНИЯ
Текст примечания На 4-й с. обл. авт.: Малин А.С., к. воен. н., проф., чл.-кор. Акад. воен. н., Мухин В.И., засл. деят. науки Рос. Федерации, д. воен. н., к.т.н., проф., акад. Междунар. акад. информатизации
320 ## - ПРИМЕЧАНИЯ О НАЛИЧИИ В ДОКУМЕНТЕ БИБЛИОГРАФИИ / УКАЗАТЕЛЯ
Текст примечания Библиогр. в конце частей
606 0# - НАИМЕНОВАНИЕ ТЕМЫ КАК ПРЕДМЕТ
Наименование темы Системы управления
Формальный подзаголовок Руководства, пособия и т.п. для высшей школы
Системный номер авторитетной/нормативной записи 1044877
Идентификатор авторитетной/нормативной записи RU\NLR\auth\6684948
606 0# - НАИМЕНОВАНИЕ ТЕМЫ КАК ПРЕДМЕТ
Наименование темы Системы управления
Формальный подзаголовок Учебники для высших учебных заведений
Системный номер авторитетной/нормативной записи 1044877
Идентификатор авторитетной/нормативной записи RU\NLR\auth\6684948
686 ## - ИНДЕКСЫ ДРУГИХ КЛАССИФИКАЦИЙ
Индекс У21(0)03я73
700 #1 - ИМЯ ЛИЦА - ПЕРВИЧНАЯ ОТВЕТСТВЕННОСТЬ
Начальный элемент ввода Малин
Часть имени, кроме начального элемента ввода А. С.
Расширение инициалов личного имени Анатолий Сергеевич
Код отношения Автор
701 #1 - ИМЯ ЛИЦА - АЛЬТЕРНАТИВНАЯ ОТВЕТСТВЕННОСТЬ
Код отношения Автор
Графика поля Кириллица
Материалы, к которым относится поле rus
Начальный элемент ввода Мухин
Часть имени, кроме начального элемента ввода В. И.
Дополнения к именам, кроме дат д-р воен. наук, канд. техн. наук
Даты 1936-
Расширение инициалов личного имени Владимир Иванович
Системный номер авторитетной/нормативной записи 2826
Идентификатор авторитетной/нормативной записи RU\NLR\AUTH\7719755
801 #0 - ИСТОЧНИК ЗАПИСИ
Страна Российская Федерация
Организация NLR
Дата составления 20040531
Правила каталогизации PSBO
801 #1 - ИСТОЧНИК ЗАПИСИ
Страна Российская Федерация
Организация NLR
Дата составления 20040531
942 ## - ДОПОЛНИТЕЛЬНЫЕ ЭЛЕМЕНТЫ ЗАПИСИ (АБИС)
Тип экземпляра АБИС Книга
980 ## - КОЛЛЕКЦИЯ
Название коллекции Национальная библиография
Экземпляры
Тип экземпляра Дата поступления Источник поступления Библиотека постоянного хранения Библиотека текущего хранения Место хранения Шифр хранения Штрих-код Статус экземпляра Стоимость
Книга 30.05.2004 Обязательный экземпляр РНБ (Московский) РНБ (Московский) Русский книжный фонд: издания с 1957 года 2004-5/2852 695996    
Книга 30.05.2004 Обязательный экземпляр РНБ (Московский) РНБ (Московский) Русский книжный фонд: издания с 1957 года 2004-5/2852 695997    
Книга 09.11.2004 Покупка РНБ (Московский) РНБ (Московский) Фонд общего зала социально-экономической литературы С1 У21(0)03/М-190 1-352151   165.85
Книга 09.12.2004 Покупка РНБ (Московский) РНБ (Московский) Выбыл из РНБ в другие организации (Обменный фонд)   809565   272.14
Книга 09.12.2004 Покупка РНБ (Московский) РНБ (Московский) Выбыл из РНБ в другие организации (Обменный фонд)   809566   272.14
Книга 09.11.2004 Покупка РНБ (Садовая) РНБ (Садовая) Универсальный читальный зал С2 У21(0)03/М-190 1-141423   165.85